LEADER 01194nam0 2200265 450 001 000043020 005 20170504124412.0 100 $a20170504d1968----km-y0itaa50------ba 101 0 $aita 102 $aIT 200 1 $aRelazione concernente le politiche nazionali di struttura agraria nella communità$eCom (68) 1000 parte F$fCommissione delle comunita europee 210 $a[Bruxelles$cs.n.$d1968] 215 $a1 volume (paginazione varia)$d29 cm. 300 $aTesto dattiloscritto 607 $aItalia$xPolitica agraria 676 $a338.1845$v(22. ed.)$9Agricoltura. Politiche agricole dell'amministrazione pubblica. Italia 710 02$aCommissione delle comunità europee$0333284 801 0$aIT$bUniversità della Basilicata - B.I.A.$gREICAT$2unimarc 912 $a000043020 996 $aRelazione concernente le politiche nazionali di struttura agraria nella communità$91531863 997 $aUNIBAS CAT $aTTM$b30$c20170504$lBAS01$h1031 CAT $aTTM$b30$c20170504$lBAS01$h1244 FMT Z30 -1$lBAS01$LBAS01$mBOOK$1BASA2$APolo Tecnico-Scientifico$2FVIG$BFondo Viggiani$3FVig.41511$641511$5T41511$7Collocato presso la Scuola di Agraria$820170504$f35$FStanza riservata LEADER 01185nam0 22003133i 450 001 MIL0012012 005 20231121125526.0 010 $a8820428849 100 $a20180212d1988 ||||0itac50 ba 101 | $aita 102 $ait 181 1$6z01$ai $bxxxe 182 1$6z01$an 200 1 $aProspettive di psicosociologia$eun'introduzione alle metodologie d'analisi e d'intervento nei gruppi e nelle organizzazioni$fSilvio Stella, Gian Piero Quaglino 205 $a5. ed 210 $aMilano$cAngeli$d1988 215 $a208 p.$cill.$d23 cm. 225 | $aPsicologia$i. Strumenti$v15 410 0$1001MIL0023903$12001 $aPsicologia$i. Strumenti$v15 700 1$aStella$b, Silvio$f <1934-2002>$3CFIV012321$4070$0161373 701 1$aQuaglino$b, Gian Piero$3CFIV037970$4070$0115557 801 3$aIT$bIT-01$c20180212 850 $aIT-FR0017 899 $aBiblioteca umanistica Giorgio Aprea$bFR0017 $eN 912 $aMIL0012012 950 0$aBiblioteca umanistica Giorgio Aprea$d 52MAG 13/2547$e 52DSS0000001615 VMN RS $fA $h20180212$i20180212 977 $a 52 996 $aProspettive di psicosociologia$91444397 997 $aUNICAS